| 000 | 00000nam##2200000za#4500 |
| 001 | 9.631589 |
| 003 | CaOODSP |
| 005 | 20210624214411 |
| 007 | cr ||||||||||| |
| 008 | 150407|2005||||xxc|||||o f|0| 0 fre|d |
| 020 | |a0-662-77801-4 |
| 040 | |aCaOODSP|bfre |
| 043 | |an-cn--- |
| 086 | 1 |aCD4-17/2004F-PDF |
| 110 | 1 |aCanada.|bAgence canadienne de développement international. |
| 245 | 13|aLe cadre de programmation-pays de l'ACDI pour l'Indonésie, 2005-2009 |h[ressource électronique] |
| 260 | |aOttawa - Ontario : |bAgence canadienne de développement international |c2005. |
| 300 | |a26p.|bill., tableaux |
| 520 | 3 |aCe rapport présente le programme bilatéral de développement et la stratégie bilatérale de reconstruction de l’ACDI pour l’Indonésie. Il résume les projets canadiens entrepris à Sulawesi, à Aceh et au nord de Sumatra pour améliorer la gouvernance locale, promouvoir la croissance du secteur des petites entreprises, et rétablir la base de ressources naturelles afin de rétablir les moyens de subsistance perdus à cause du tsunami de 2004 – l’égalité entre les sexes faisant partie de tous les projets. Comprend des cartes, des photos, des descriptions et un résumé de l’histoire d’Aceh et de Sulawesi. |
| 590 | |a06-22|b2006-06-02 |
| 691 | 07|aDéveloppement international|2gcpds |
| 691 | 07|aPays en développement|2gcpds |
| 775 | 08|tCIDA's country development programming framework for Indonesia, 2005-2009 |w(CaOODSP)9.687128 |
| 776 | 0#|tCIDA's country development programming framework for Indonesia, 2005-2009 |w(CaOODSP)9.665835 |
| 776 | 0#|tCadre de programmation-pays de l'ACDI pour l'Indonésie, 2005-2009 |w(CaOODSP)9.665836 |
| 856 | 40|ahttp://publications.gc.ca|qPDF|s1452 Ko|uhttps://publications.gc.ca/collections/Collection/CD4-17-2004F.pdf |